Регионална библиотека "Любен Каравелов" - Русе

Характер и воля (Запис номер 136000)

MARC детайли
000 -Лидер
Контролно поле с фиксирана дължина nam a22 a 4500
003 - Код на организацията, давaща контролен номер
Контролно поле BLK
005 - Дата и час на последна редакция
Контролно поле 20210311100953.0
008 - Елементи от данни с фиксирана дължина
fixed length control field 180409b bul|||||r ||||||| ||bul||
010 ## - Наследен системен номер
LC control number KNG00141935000
040 ## - Източник на каталожния запис
Идентификатор на билиотеката - собственик на записа BLK
041 ## - Код за език
Код за езика на текст/звукозапис или на отделно заглавие Български
Код за езика КДБФ Български
080 ## - УДК
Текстов определител УДК Морал и общество. Човешки отношения. Уважение. Независимост. Вж и 395
УДК код - определител по УДК 177
УДК - код + определител 177
100 1# - Редна дума - Автор
Автор Фойхтерслебен, Ернст фон
Авторска отговорност първи автор
R(LIN) 134522
139 ## - Редно поле
Редна дума Фойхтерслебен, Ернст фон
Авторски знак Фои - Ф 67
245 10 - Сведения за заглавието
Заглавие Характер и воля
Подзаглавни данни Възпитание на душата
Редно поле (дума) Ернст фон Фойхтерслебен; прев. Б. М.; * Борис Стефанов Митов.
257 ## - Страна на издаване
Страна на създаване/издаване Германия
260 ## - Област на издателските данни
Име на издателя, разпространителя и проч. Ст. Атанасов
Година на издаване 1929
Печатница София : Херман Поле
300 ## - Физическа характеристика
Страници 144 с.
Размери/Мащаб 21 см
380 ## - Жанр
Жанр Философия
490 1# - СЕРИИ (Колекции)
Име на серия Библиотека за самообразование
№: серия Г. ХІV, кн. 7
500 ## - Общи забележки
Забележка Пълното име на прев. Б. Митов. - 500 тир.
650 #4 - Допълнително описание по предмет – тема
Основно описание – тема или топоним Морал и общество
9 (RLIN) 280586
650 #4 - Допълнително описание по предмет – тема
Основно описание – тема или топоним Характер
9 (RLIN) 176356
650 #4 - Допълнително описание по предмет – тема
Основно описание – тема или топоним Умствени способности
9 (RLIN) 174611
653 ## - Ключова дума – ненормативна
Ключова дума характер
653 ## - Ключова дума – ненормативна
Ключова дума воля
653 ## - Ключова дума – ненормативна
Ключова дума сила
653 ## - Ключова дума – ненормативна
Ключова дума въображение
653 ## - Ключова дума – ненормативна
Ключова дума човеколюбие
653 ## - Ключова дума – ненормативна
Ключова дума темперамент
653 ## - Ключова дума – ненормативна
Ключова дума истина
700 1# - Други автори (авторска отговорност)
Лично име Б. М.
Автороска отговорност (Описва отношението между автора и произведението) прев.
Друга информация Митов, Борис Стефанов
9 (RLIN) 378631
700 1# - Други автори (авторска отговорност)
Лично име Митов, Борис Стефанов
Автороска отговорност (Описва отношението между автора и произведението) *
9 (RLIN) 378087
852 ## - Местоположение
Форматна сигнатура Цб 1.205.16025
856 4# - Електронен адрес и достъп
Електронен формат pdf - файл
856 4# - Електронен адрес и достъп
Електронен формат pdf - файл
999 ## - СИСТЕМНИ КОНТРОЛНИ НОМЕРА
Koha biblionumber 136000
Koha biblioitemnumber 136000
942 ## - АРТИКУЛИ
Вид на библиотечния материал Книги
Скрит в OPAC Не
Периодичен библиозапис Да
944 ## - СЪЗДАВАНЕ И РЕДАКЦИЯ на ЗАПИСА
Създаване/Редакция Създаване
Дата на регистрацията/редакция 12.04.2013
Статус, дата на статуса 12.04.2013 - от С1,Р / 12.04.2013
Служител, извършил регистрацията/редакцията Наталия_Медовщикова
944 ## - СЪЗДАВАНЕ И РЕДАКЦИЯ на ЗАПИСА
Създаване/Редакция Редакция
Дата на регистрацията/редакция 2021-03-11
Служител, извършил регистрацията/редакцията Кети
999 ## - СИСТЕМНИ КОНТРОЛНИ НОМЕРА
Koha biblioitemnumber 136000
Наличности
Код за отписване Код за изгубен артикул Източник на класификационната схема Код за повреда Коз за рестрикции Код за отдаване Артикулен № Име на библиотеката - собственик Име на библиотеката, в която се намира в момента Статус (Текущо местоположение) Дата на вписване в системата Местоположение - отдел Цена в лева Инвентарен номер Систематично азбучна сигнатура Баркод Номер на екземпляра Цена в евро Служебна бележка Служебен тип на артикула
  Не е изгубен Universal Decimal Classification Не е повреден без рестрикции ползва се в читалня 222291 Регионална библиотека "Любен Каравелов" Русе Регионална библиотека "Любен Каравелов" Русе Хранилище 1929-01-01 Основен фонд - ползва се само за читалня 0.11 16025 Цб 1.205.16025 900000039196 1 0.06 N: стар фонд Дата: 01.01.1929 Дата инв: 08.04.2015 Бележки инв: О2015 Книги
Vip Innovations Ltd, Rousse, Bulgaria 2025